000 00816nam a2200217Ia 4500
001 17159
003 GE_BSU
008 181216s||||||||xx |||||||||||||| ||und||
040 _cGE_BSU
080 _a087.5:[17:141.824
100 _aსოლოვიოვი, სიმა
245 _aეს წიგნი შენზეა დაწერილი
245 _bსაშ. ასაკის მოსწავლეთათვის
245 _cმთარგმნ. დ. ზუმბაძე ; ილ: ი. კოპეიკო. რედ. გ. მსხილაძე
260 _aთბილისი
260 _bნაკადული
260 _c1964
300 _a93გვ. ; 20სმ
653 _aეს წიგნი შენზეა დაწერილი
942 _cBK
999 _c50221
_d50221